| 000 | 00675nam a22002657a 4500 | ||
|---|---|---|---|
| 005 | 20240509094257.0 | ||
| 008 | 150313b2013 xxu||||| |||| 00| 0 spa d | ||
| 020 | _a9789968319355 | ||
| 041 | _aESP | ||
| 041 | _aING | ||
| 082 | _a551.483 B499p | ||
| 100 |
_aBergoeing G., Jean Pierre _917834 |
||
| 245 | _aPaisajes fluviales de Costa Rica= river landscapes of Costa Rica | ||
| 260 | _aCosta Rica | ||
| 260 | _bEUNED | ||
| 260 | _c2013 | ||
| 300 | _a80 páginas | ||
| 505 | _aContiene fotografías, mapas a color | ||
| 650 | _aCOSTA RICA | ||
| 650 | _aHIDROLOGÍA | ||
| 650 | _aCUENCAS HIDROGRÁFICAS | ||
| 650 | _aRÍOS | ||
| 942 |
_cBK _2ddc |
||
| 999 |
_c3935 _d3935 |
||